000 00964nam a2200277 a 4500
001 18118
003 BD-RjUL
005 20211209000235.0
008 140219s19431941nyu 001 0deng
035 _a(BD-RjUL)18176
040 _aDLC
_cDLC
_dDLC
_dBD-RjUL
_beng
041 _aeng
082 0 0 _a821.8
_bKIC 1943
100 1 _aKipling, Rudyard,
_d1865-1936.
_955129
245 1 2 _aA choice of Kipling's verse /
_cmade by T.S. Eliot ; with an essay on Rudyard Kipling.
260 _aNew York ;
_a London :
_bCharles Scribner's Sons;
_bFaber,
_c1941, 1943.
300 _a306 p. ;
_c20 cm.
504 _aIncludes index.
600 1 0 _aKipling, Rudyard,
_d1865-1936.
_9246477
700 1 _aEliot, T. S.
_q(Thomas Stearns),
_d1888-1965.
_9246478
710 2 _aCarpenter Kipling Collection (Library of Congress)
_5DLC
_955832
710 2 _aColt Kipling Collection (Library of Congress)
_5DLC
_955833
942 _2ddc
_cBK
999 _c18118
_d18118